Entry Personal Name
Number of records used in: 1
001 - CONTROL NUMBER
003 - CONTROL NUMBER IDENTIFIER
005 - DATE AND TIME OF LATEST TRANSACTION
- control field:
20191224103916.0
008 - FIXED-LENGTH DATA ELEMENTS
- fixed length control field:
870206n| acannaab| |n aaa |||
010 ## - LIBRARY OF CONGRESS CONTROL NUMBER
- LC control number:
n 86019644
040 ## - CATALOGING SOURCE
- Original cataloging agency:
DLC
- Transcribing agency:
DLC
- Modifying agency:
DLC
100 10 - HEADING--PERSONAL NAME
- Personal name:
Jones, Philip R.,
- Dates associated with a name:
1948-
670 ## - SOURCE DATA FOUND
- Source citation:
Cullis, J. G. Micro-economics and the public economy, 1987:
- Information found:
CIP t.p. (Philip R. Jones) data sheet (b. 10/30/48) pub. data (lect. in econ., Centre for Fiscal Studies, Univ. of Bath, UK; prev. lectured at the Univ. of Hull)
670 ## - SOURCE DATA FOUND
- Source citation:
His Public finance and public choice, c1991:
- Information found:
CIP t.p. (Philip Jones)